Footballers by Picture - Africa - Statistics

General Stats
  • This quiz has been taken 211 times
  • The average score is 13 of 25
Answer Stats
Picture Answer % Correct
Didier Drogba
99%
Mohamed Salah
97%
Sadio Mane
93%
Samuel Eto'o
90%
Pierre-Emerick Aubameyang
82%
Riyad Mahrez
79%
Yaya Toure
78%
George Weah
77%
Edouard Mendy
71%
Victor Osimhen
71%
Michael Essien
65%
John Obi Mikel
55%
Emmanuel Adebayor
44%
Bertrand Traore
41%
Roger Milla
34%
Steven Pienaar
33%
Sulley Muntari
33%
Seydou Keita
31%
Demba Ba
24%
Vincent Enyeama
23%
Bruce Grobbelaar
19%
Frederic Kanoute
19%
Yannick Bolasie
19%
Victor Wanyama
17%
Benni McCarthy
9%
No matching quizzes found
Score Distribution
Percent of People with Each Score
Percentile by Number Answered
Your Score History
You have not taken this quiz